000 00483nam a2200193Ia 4500
005 20250522104224.0
008 008 250516s9999 xx 000 0 hin d
020 _a9788194621091
040 _aSDCL
_beng
_cSDCL
041 _ahin
_2hin
084 _aWxC7, R4
_qSDCL
100 _aGoel, Priti Prabha
245 0 _aSampurn chanakya neeti
260 _aJodhpur:
_bArihant Prakashan,
_c2024.
300 _a207p.
365 _aINR
_b400
650 _aSanskrit
942 _cTEXL
999 _c1429594
_d1429594